00823nam a22002537a 4500008004100000020001800041020001800059040001800077041000800095100001700103245008400120260006500204300003600269504003900305650002300344650004400367650001700411650003100428650002800459650002300487650001700510700002300527700001900550130821s1998 xxua gr eng  a9781555876036 a9781555877842 aCo-BoUCMbspa00aeng1 aBuzan, Barry10aSecurity a new framework for analysiscBarry Buzan, Ole Waever, Jaap de Wilde. aBoulder (Colorado, Estados Unidos)bLynne Rienner Pub.c1998 aviii, 239 páginasbgráficas aIncluye bibliografía e índice.04aCiencia política04aIntegración económica internacional04aRegionalismo04aRelaciones internacionales04aSeguridad internacional04aSeguridad nacional04aSociología1 aWaever, Oled1960-1 aWilde, Jaap de